000
nam a22 7a 4500
999
_c
50232
_d
50232
003
OSt
005
20201102125828.0
008
201102b xxu||||| |||| 00| 0 eng d
040
_c
SERO SOFT
100
_a
LAL,RAMAN BIHARI
245
_a
GROWING UP AS A LEARNER
260
_b
R.LALL BOOK DEPOT MEERUT
300
_a
185
942
_2
ddc
_c
02